Sports Quiz

Random Sports or Letter Quiz

Four-letter England stars Quiz Stats

 Plays Quiz not verified by Sporcle

Challenge
Share
Tweet
Embed
Score 0/101 Timer 10:00
0 Plays Today
First cap Player % Correct
1995Andrew COLE
89.3%
2001Ashley COLE
89.3%
2009Carlton COLE
89.3%
2001Joe COLE
89.3%
1998Michael OWEN
75.7%
1954Syd OWEN
75.5%
1965Alan BALL
71.8%
2001Michael BALL
71.6%
1927Jack BALL
71.3%
1992Paul INCE
61%
2008Joe HART
59.9%
1928Ernest HART
59.6%
1997Nicky BUTT
57.4%
1968Colin BELL
54.5%
1982Ricky HILL
50.3%
1962Fred HILL
50.2%
1976Grodon HILL
50.2%
1925John HILL
50.2%
1926Richard HILL
50.2%
1962Roger HUNT
48.9%
1984Stephen HUNT
48.7%
1933George HUNT
48.6%
1911Kenneth HUNT
48.6%
2006Darren BENT
47.3%
2002Ledley KING
47%
1882Robert KING
46.9%
1910Bert HALL
40.1%
1933William HALL
40.1%
1955Jeff HALL
40.1%
1989Steve BULL
40%
1991Andy GRAY
34.5%
1999Michael GRAY
34.5%
1968Gordon WEST
32.9%
1890Harry WOOD
32%
First cap Player % Correct
1954Ray WOOD
32%
1976Phil NEAL
31.2%
1985Peter REID
31%
2002David DUNN
30.7%
1883Arthur DUNN
30.4%
1924David JACK
29.6%
1999Kieron DYER
29%
1991Dennis WISE
28.5%
1987Neil WEBB
28.2%
1911George WEBB
28.1%
1905Jack CARR
27.9%
1919Jackie CARR
27.9%
1875WIlliam CARR
27.9%
1927Dixie DEAN
27.6%
1980Peter WARD
24.6%
1885James WARD
24.5%
1947Tim WARD
24.5%
1932George SHAW
23.8%
1958Graham SHAW
23.8%
1907George WALL
23.5%
1972Colin TODD
20.1%
1957Don HOWE
16.1%
1948John HOWE
16.1%
1921Arthur READ
15.8%
1925Tommy COOK
15.4%
1890John HOLT
12.9%
1884William ROSE
12.7%
1973David NISH
10.7%
1882Percival PARR
10.5%
1947Edmund LOWE
10%
1923Fred KEAN
9.7%
1970Brian KIDD
9.6%
1905Dicky BOND
9.2%
1884William GUNN
8.8%
First cap Player % Correct
1932Errington KEEN
7.7%
1960Peter SWAN
7.5%
1889David WEIR
7.5%
1888William MOON
7.2%
1922Richard YORK
7.2%
1953George ROBB
6.4%
1931Joseph TATE
6.4%
1902William HOGG
6.3%
1921Frank MOSS
6.3%
1934Frank MOSS
6.3%
1919Jack COCK
5.2%
1933Arthur ROWE
5%
1934Jackie BRAY
4.4%
1877John BAIN
4.2%
1881George TAIT
4.2%
1934Charles MALE
4.1%
1957David PEGG
3.9%
1920Tommy CLAY
3.6%
1885Andrew AMOS
3.1%
1886Mather PIKE
3%
1877Lindsay BURY
2.7%
1927Louis PAGE
2.7%
1889Henry DAFT
2.5%
1921John FORT
2.5%
1924Thomas MORT
2.5%
1914Daniel SHEA
2.5%
1928Ernest HINE
2.4%
1929Edgar KAIL
2.4%
1921James SEED
2.4%
1899Phil BACH
2%
1922Fred EWER
1.6%
1923Seth PLUM
1.6%
1878Henry WACE
1.6%

You're not logged in!

Compare scores with friends on all Sporcle quizzes.
Join for Free
OR
Log In

You Might Also Like...

Show Comments

Extras

Top Quizzes Today


Score Distribution

Your Account Isn't Verified!

In order to create a playlist on Sporcle, you need to verify the email address you used during registration. Go to your Sporcle Settings to finish the process.

Report this User

Report this user for behavior that violates our Community Guidelines.

Details: